000 01532nam a2200313 4500
001 179232
003 ES-MaACL
005 20231219062537.0
008 111011s2010 sp acp |||| |dspa d
020 _a978-84-8181-400-2
080 _a74 Antequera Azpiri, P. (083.824)
080 _a74 Álvarez, David (083.824)
080 _a929:343.811(460)"1939/55"(0:74)(083.824)
245 0 0 _aRetratos desde la prisión
_b: Centro Documental de la Memoria Histórica, exposición, abril-mayo de 2010 /
_cPedro Antequera Azpiri y David Álvarez.
260 _a[Madrid] :
_bMinisterio de Cultura, Subdirección General de Publicaciones, Información y Documentación,
_c[2010]
300 _a206 p. :
_bprincipalmente il. col. y n., retr. ;
_c28 cm.
505 8 _aContiene: ;
_tUn arte en las cárceles de Franco /
_rFrancisco Agramunt Lacruz - Obras y escritos de otros compañeros presos
600 1 7 _aAntequera Azpiri, P.-
_vExposiciones.
_9148218
600 1 7 _aÁlvarez, David,
_d1900-1940-
_vExposiciones
_9148219
650 7 _aPresos políticos-
_zEspaña-
_y1939-1955-
_vExposiciones.
_9148220
655 7 _2tgfbne
_9193628
_aCatálogos de exposiciones
700 1 _aAntequera Azpiri, P.
_9148221
700 1 _aÁlvarez, David,
_d1900-1940
_9148222
710 2 _aCentro Documental de la Memoria Histórica.
_9143899
852 _aES-MaACL
_jA-11613
_9186112
_bR.146017
_cDEPO1
_dOlim: N-4618
_xDonación: José Luis Abellán
903 _aAbellán, José Luis,
_d1933-2023
_ednr
_q1
_9176509
942 _2udc
999 _c179232
_d179232